| 000 | 00370nam a22001457a 4500 | ||
|---|---|---|---|
| 003 | SGT | ||
| 020 | _a978-93-48565-79-2 | ||
| 082 |
_a304.2 _bSIN |
||
| 100 | _aSINGH, PRAGATI | ||
| 245 | _aENVIRONMENTAL EDUCATION & DISASTER MANAGEMENT | ||
| 260 |
_aINDIA _bIP PUB. _c2025 |
||
| 300 | _a122 | ||
| 650 | _aENVIRONMENTAL EDUCATION & DISASTER MANAGEMENT | ||
| 942 |
_2ddc _cBK |
||
| 999 |
_c34221 _d34221 |
||